Trouver le nom de ces avions - Statistiques

Statistiques générales
  • Ce quiz a été pris 580 fois
  • Le résultat moyen est 17 sur 41
Statistiques - réponses
Par images Réponse % Correct
A320
84%
A380
82%
Beluga
80%
Rafale
75%
A330
71%
747
70%
A340
70%
A350
70%
Concorde
70%
A319
67%
777
66%
787
63%
A321
63%
737
61%
A400M
57%
F16
54%
F35
53%
Mirage 2000
53%
Alphajet
51%
An 225
49%
A220
48%
Beluga XL
45%
C17
42%
F117
35%
C130
32%
Caravelle
31%
Fouga Magister
27%
An 124
26%
ATR 42
25%
Embraer 190
24%
A330 MRTT
21%
Bell X1
15%
Falcon 7X
15%
Avro Vulcan
11%
CRJ700
10%
Messerschmitt Bf 109
4%
Blériot 11
3%
Canadair CL 415
3%
Eurofighter Typhoon
3%
C27J
2%
Cessna T41
0%
Aucun quiz correspondant
Distribution des résultats
% des personnes avec chaque résultat
Percentile par nombre de réponses
Votre historique - résultats
Vous n’avez pas pris ce quiz